Estado, democracia y ciudadanía en la Argentina poscrisis 2001/
Explora el vínculo Estado-democracia en la Argentina de la poscrisis del 2001, evaluando el desempeño del Estado, tanto en la protección y promoción de derechos ciudadanos, como en sus acciones tendientes o no a desconcentrar el poder que reúne. Para esto se abordan temáticas como la privatización,...
محفوظ في:
| المؤلف الرئيسي: | |
|---|---|
| التنسيق: | كتاب |
| اللغة: | Spanish |
| الموضوعات: | |
| الوسوم: |
إضافة وسم
لا توجد وسوم, كن أول من يضع وسما على هذه التسجيلة!
|
MARC
| LEADER | 00000nam a22000007a 4500 | ||
|---|---|---|---|
| 003 | cru CIDCACS/IIS | ||
| 005 | 20170811103346.0 | ||
| 007 | ta | ||
| 008 | 161103t2011 ag ||||| |||| 00| 0 spa d | ||
| 999 | |c 18685 |d 18685 | ||
| 040 | |c cru CIDCACS/IIS | ||
| 100 | 1 | |9 328 |a Iazzetta, Osvaldo | |
| 245 | 1 | |a Estado, democracia y ciudadanía en la Argentina poscrisis 2001/ |c Osvaldo Iazzetta | |
| 300 | |a páginas 187-219 | ||
| 520 | |a Explora el vínculo Estado-democracia en la Argentina de la poscrisis del 2001, evaluando el desempeño del Estado, tanto en la protección y promoción de derechos ciudadanos, como en sus acciones tendientes o no a desconcentrar el poder que reúne. Para esto se abordan temáticas como la privatización, el Estado y los derechos ciudadanos, el vínculo entre la democracia y el Estado, el trato del Poder Ejecutivo con los otros poderes y órganos de control, el control con la extracción y redistribución de recursos fiscales y la promoción de una ciudadanía autónoma y participativa. Se concluye afirmando que no cualquier Estado resulta consistente con una democracia, ya que esta implica la desconcentración del poder, principio que debe asumir el Estado. | ||
| 650 | 1 | 0 | |9 83 |a DEMOCRACIA |
| 650 | 1 | 0 | |9 243 |a ESTADO |
| 650 | 4 | |9 1918 |a PODER POLITICO | |
| 650 | 4 | |9 1849 |a DEMOCRATIZACION | |
| 650 | 1 | 0 | |9 3841 |a DERECHOS CIVILES |
| 650 | 1 | 0 | |9 3757 |a PODER EJECUTIVO |
| 650 | 4 | |9 3207 |a PARTICIPACION POLITICA | |
| 773 | 0 | |0 4224 |9 78 |a Cheresky, Isidoro |d Argentina : CLACSO; Prometeo Libros |o 15112 |t Ciudadanía y legitimidad democrática en América Latina / |w (cru CIDCACS/IIS)44456 |x 9789875745391 |z 978-987-574- | |
| 942 | |2 ddc |c LI | ||
